| 000 | 00432nam a2200133Ia 4500 | ||
|---|---|---|---|
| 008 | 191206s9999 xx 000 0 und d | ||
| 020 | _a0312162308 : | ||
| 090 | _aF1439.5.C65 | ||
| 245 | 0 | _aConflict in Central America: approaches to peace and security | |
| 260 | _aPublished for the International Peace Academy by St. Martin's Press | ||
| 260 | _cc1986 | ||
| 300 | _a"xiv, 208 p. : map ; 23 cm." | ||
| 999 |
_c15728 _d15728 |
||